000 00413nam a2200145Ia 4500
008 230917s9999||||xx |||||||||||||| ||und||
040 _e40461
_aMAIN
041 _aEnglish
082 _a810.9 M433A
100 _aMatthiessen, F O
245 0 _aAmerican renaissance: Art and expression in the age of Emerson and Whitman
260 _aDelhi
_bOxford University Press
_c1973
300 _axxiv, 678 p.
942 _cBK
999 _c71504
_d71504